History of the Abbey Church of St. Peter's, Westminster (Record no. 114061)

MARC details
000 -LEADER
fixed length control field 00543cam a22001815a 4500
001 - CONTROL NUMBER
control field L156154
008 - FIXED-LENGTH DATA ELEMENTS--GENERAL INFORMATION
fixed length control field 120502s1812 xxk f 000 0 eng d
035 ## - SYSTEM CONTROL NUMBER
System control number (Sirsi) u156154
041 0# - LANGUAGE CODE
Language code of text/sound track or separate title eng
100 1# - MAIN ENTRY--PERSONAL NAME
Personal name Combe, William
Dates associated with a name 1742-1823
245 00 - TITLE STATEMENT
Title History of the Abbey Church of St. Peter's, Westminster
Remainder of title its antiquities and monuments
260 ## - PUBLICATION, DISTRIBUTION, ETC.
Place of publication, distribution, etc. London
Name of publisher, distributor, etc. R. Ackermann
Date of publication, distribution, etc. 1812
300 ## - PHYSICAL DESCRIPTION
Extent 2 v.
Dimensions 33 cm.
583 0# - ACTION NOTE
Action Condition reviewed
Time/date of action 20120620
Status condition level 1 and 1
651 #4 - SUBJECT ADDED ENTRY--GEOGRAPHIC NAME
Geographic name London
690 ## - LOCAL SUBJECT ADDED ENTRY--TOPICAL TERM (OCLC, RLIN)
Topical term or geographic name as entry element Art and antiques
942 ## - ADDED ENTRY ELEMENTS (KOHA)
Suppress in OPAC 0
Holdings
Withdrawn status Lost status Source of classification or shelving scheme Damaged status Not for loan Home library Current library Shelving location Date acquired Total Checkouts Full call number Barcode Date last seen Copy number Price effective from Koha item type
    Dewey Decimal Classification     Historic collection Historic collection Historic collection 22/10/2012   FOLIO 1812 COMBE VOL. 2 30075527 06/08/2019 1 06/08/2019 Book
    Dewey Decimal Classification     Historic collection Historic collection Historic collection 21/02/2013   FOLIO 1812 COMBE VOL. 2 30078195 06/08/2019 2 06/08/2019 Book
    Dewey Decimal Classification     Historic collection Historic collection Historic collection 02/05/2012   FOLIO 1812 COMBE VOL. 1 30075542 06/08/2019 1 06/08/2019 Book
    Dewey Decimal Classification     Historic collection Historic collection Historic collection 21/02/2013   FOLIO 1812 COMBE VOL. 1 30078191 06/08/2019 2 06/08/2019 Book